000 00524nam a2200181Ia 4500
005 20250423101259.0
008 250422s9999 xx 000 0 und d
020 _a9780393324655
050 _aPS 3573 .W38/
100 _aWatson, Brad
245 4 _aThe heaven of Mercury : a novel
260 _aNew York
260 _bW.W. Norton
260 _c2002
300 _a335 p
650 _aEccentrics and eccentricities--Fiction. City and town life--Fiction. Race relations--Fiction. Mississippi--Fiction.
942 _cBK
999 _c35838
_d35838